000 00510 a2200157 4500
003 OSt
005 20240823102414.0
008 231019b |||||||| |||| 00| 0 eng d
020 _a9788194658825
040 _coclc
082 _a492.7
_bJUN/J
100 _aJunais, T P
_99763
245 _aJADARA : A handbook for all Arabic Competitive examinations
_bJRF.NET.SET.KTET.PSC /
_cJunais T P
260 _aCalicut:
_bAl Huda Bookstall,
_c2023.
942 _2ddc
_cBK
_h492.7
_iJUN/J
_k492.7
_mJUN/J
999 _c42643
_d42643